March Madness Upsets of the 2020s: 12-Seeds and Below - Statistics

General Stats
  • This quiz has been taken 155 times
  • The average score is 15 of 23
Answer Stats
Year Opponent Seed Answer % Correct
2023 #1 Purdue (63-58) #16 Fairleigh Dickinson
87%
2022 #2 Kentucky (85-79) #15 Saint Peter's
87%
2022 #7 Murray State (70-60) #15 Saint Peter's
87%
2022 #3 Purdue (67-64) #15 Saint Peter's
87%
2025 #5 Clemson (69-67) #12 McNeese State
82%
2024 #3 Kentucky (80-76) #14 Oakland
82%
2023 #2 Arizona (59-55) #15 Princeton
79%
2023 #7 Missouri (78-63) #15 Princeton
79%
2023 #4 Virginia (68-67) #13 Furman
75%
2024 #4 Auburn (78-76) #13 Yale
71%
2021 #2 Ohio State (75-72) #15 Oral Roberts
67%
2021 #7 Florida (81-78) #15 Oral Roberts
67%
2025 #5 Memphis (78-70) #12 Colorado State
65%
2021 #5 Tennessee (70-56) #12 Oregon State
53%
2021 #4 Oklahoma State (80-70) #12 Oregon State
53%
2021 #8 Loyola Chicago (65-58) #12 Oregon State
53%
2024 #5 Saint Mary's (75-66) #12 Grand Canyon
51%
2021 #4 Purdue (78-69) #13 North Texas
50%
2022 #5 Iowa (67-63) #12 Richmond
46%
2024 #5 Wisconsin (72-61) #12 James Madison
45%
2022 #5 UConn (70-63) #12 New Mexico State
40%
2021 #4 Virginia (62-58) #13 Ohio
40%
2021 #3 Texas (53-52) #14 Abilene Christian
34%
No matching quizzes found
Score Distribution
Percent of People with Each Score
Percentile by Number Answered
Your Score History
You have not taken this quiz